Juif errant / (Record no. 165874)
[ view plain ]
| 000 -LEADER | |
|---|---|
| campo de control de longitud fija | 00699nam a2200193 i 4500 |
| 001 - NÚMERO DE CONTROL | |
| campo de control | 165874 |
| 003 - IDENTIFICADOR DE NÚMERO DE CONTROL | |
| campo de control | ES-MaACL |
| 005 - FECHA Y HORA DE LA ÚLTIMA TRANSACCIÓN | |
| campo de control | 20251014063242.0 |
| 008 - DATOS DE LONGITUD FIJA--INFORMACIÓN GENERAL | |
| campo de control de longitud fija | 050906s1846 be af |||| | fre d |
| 100 1# - ENTRADA PRINCIPAL--NOMBRE DE PERSONA | |
| Nombre de persona | Sue, Eugène, |
| Fechas asociadas al nombre | 1804-1857 |
| 9 (RLIN) | 132950 |
| 245 10 - MENCIÓN DEL TÍTULO | |
| Título | Juif errant / |
| Mención de responsabilidad, etc. | par Eugène Süe. |
| 250 ## - MENCION DE EDICION | |
| Mención de edición | Éd. illustrée par Louis Huard [et al.]. |
| 260 ## - PUBLICACIÓN, DISTRIBUCIÓN, ETC. | |
| Lugar de publicación, distribución, etc. | Bruxelles : |
| Nombre del editor, distribuidor, etc. | Meline, Cans et Compagnie, |
| Fecha de publicación, distribución, etc. | 1846. |
| 300 ## - DESCRIPCIÓN FÍSICA | |
| Extensión | 3 v. (402; 420; 396 p.) : |
| Otras características físicas | il. y h. de lám. ; |
| Dimensiones | 27 cm. |
| 599 ## - NOTA A LAS ILUSTRACIONES | |
| NOTA A LAS ILUSTRACIONES | Numerosas h. de lám., intercaladas en el texto. |
| 700 1# - ENTRADA AGREGADA--NOMBRE PERSONAL | |
| Nombre de persona | Huard, Louis. |
| 9 (RLIN) | 128055 |
| 852 ## - LOCALIZACIÓN | |
| Ubicación | ES-MaACL |
| Número de control de estantería | C-1722-24 |
| Nota libre | - Enc. hol. |
| -- | . - Legado de M. de la Fuente |
| Estatus retirado | Estado de pérdida | Estado de daño | No para préstamo | Colección | Biblioteca de origen | Biblioteca actual | Ubicación en estantería | Fecha de adquisición | Total de préstamos | Signatura topográfica completa | Código de barras | Visto por última vez | Precio de reemplazo | Tipo de ítem Koha |
|---|---|---|---|---|---|---|---|---|---|---|---|---|---|---|
| Libros del s. XIX | Biblioteca del Ateneo de Madrid | Biblioteca del Ateneo de Madrid | Sala Palomar | 17/01/2008 | C-1722-24 | 1173952 | 23/02/2023 | 23/02/2023 | Libro impreso antiguo |
